The Myth of independence (Record no. 542537)

000 -LEADER
fixed length control field 00399nam a2200145Ia 4500
020 ## - INTERNATIONAL STANDARD BOOK NUMBER
International Standard Book Number (hb)
082 ## - DEWEY DECIMAL CLASSIFICATION NUMBER
Classification number 327.095491
Author Mark BHO
-- D
100 ## - MAIN ENTRY--PERSONAL NAME
Personal name Bhutto, Zulfikar Ali
9 (RLIN) 37719
245 ## - TITLE STATEMENT
Title The Myth of independence
260 ## - PUBLICATION, DISTRIBUTION, ETC.
Place of publication, distribution, etc. Lahore:
Name of publisher, distributor, etc. Classic
Date of publication, distribution, etc. 1994 ?
300 ## - PHYSICAL DESCRIPTION
Extent 188p
526 ## - STUDY PROGRAM INFORMATION NOTE
Program name 0
Interest level 0
Reading level 0
Title point value 327_095491000000000_BHO
650 ## - SUBJECT ADDED ENTRY--TOPICAL TERM
Topical term or geographic name entry element Pakistan -- Foreign Relations -- 1947-1969
9 (RLIN) 37720
942 ## - ADDED ENTRY ELEMENTS (KOHA)
Source of classification or shelving scheme
Koha item type Book
Holdings
Withdrawn status Lost status Source of classification or shelving scheme Damaged status Not for loan Permanent Location Current Location Date acquired Total Checkouts Full call number Barcode Date last seen Date last checked out Price effective from Koha item type
          Military College of Engineering (MCE) Military College of Engineering (MCE) 01/13/2014 1 327.095491 BHO MCE-3060 03/24/2017 02/20/2017 01/13/2014 Book
© 2023 Central Library, National University of Sciences and Technology. All Rights Reserved.